00233nam a2200097Ia 4500008004100000041000800041082001400049100001900063245004400082260000900126240625s9999 xx 000 0 und d aeng a658.8 HUT aHUTT MICHAEL D aB2B MARKETING A SOUTH ASIAN PERSPECTIVE c2014